Lyrics gesucht! #2 - Old Town Road (Lil Nas X) - Statistiken

Allgemein
  • Dieses Quiz wurde 93 mal gespielt
  • Das Durchschnittsergebnis liegt bei 194 aus 303
Antwortstatistiken
Lyrics % Korrekt
I
100%
old
99%
road
99%
the
99%
to
99%
town
99%
go
98%
my
98%
My
98%
horse
95%
Horse
95%
horse,
95%
no
93%
can
92%
gonna
90%
I‘m
90%
can‘t
89%
Can‘t
89%
more
89%
ride
89%
tack
89%
til
87%
a
86%
take
84%
Yeah,
73%
in
69%
back
67%
got
66%
Got
66%
horses
59%
on
59%
is
51%
me
49%
You
43%
tell
42%
nothing
41%
Ridin‘
41%
ha
36%
and
35%
nobody
35%
attached
34%
black
33%
Riding
31%
riding
31%
like
30%
rockstar
30%
down,
29%
down
29%
car
28%
money
28%
of
28%
Porsche
28%
livin‘
25%
your
25%
guitar
24%
all
23%
baby
23%
sports
23%
ain‘t
22%
that
22%
been
20%
brand-new
20%
Hat
20%
hat
20%
so
19%
life
18%
lot
18%
movie
18%
tractor
18%
valley
18%
wanna
18%
Spent
17%
boots
16%
Gucci
16%
her
16%
Man
16%
Maserati
16%
matte
16%
I‘ve
13%
whip
13%
ask
12%
booty
12%
Bull
12%
from
11%
up
11%
match
10%
off
10%
boobies
8%
could
8%
Cowboy
8%
through
8%
diamond
7%
Lean
7%
now
7%
stress,
7%
that‘s
7%
bladder
6%
Cheated
6%
porch
6%
rings
6%
Wish
6%
Baby‘s
5%
Malboro
5%
Rodeo
5%
Wrangler
5%
bras
4%
habit:
4%
cross-town,
2%
Fendi
2%
kick
2%
roll
1%
Keine übereinstimmenden Quizze gefunden
Verteilung der Resultate
Anzahl Personen mit jedem Resultat
Perzentil nach korrekt beantworteten Fragen
Ihre Resultats-Entwicklung
Sie haben dieses Quiz noch nicht gespielt